| 000 | 00831nam a2200229Ia 4500 | ||
|---|---|---|---|
| 005 | 20260601193231.0 | ||
| 008 | 260601s9999||||xx |||||||||||||| ||und|| | ||
| 020 |
_a978-3-031-54712-6 _qebk |
||
| 100 | _aTiago Prince Sales | ||
| 245 | 0 | _aEnterprise Design, Operations, and Computing. EDOC 2023 Workshops | |
| 250 | _a2024 | ||
| 260 |
_aHeidelberg, Germany _bSpringer Nature _c2024 |
||
| 440 | _aLecture Notes in Business Information Processing | ||
| 650 | _aComputer Science | ||
| 700 | _aDimka Karastoyanova | ||
| 700 | _aHenderik A. Proper | ||
| 700 | _aLuise Pufahl | ||
| 700 | _aMarten van Sinderen | ||
| 700 | _aSybren de Kinderen | ||
| 856 | _uhttps://link.springer.com/openurl?genre=book&isbn=978-3-031-54712-6 | ||
| 942 |
_cEB _2ddc |
||
| 999 |
_c56115 _d56115 |
||